Ultimate Border Challenge By Letter - G - Statistics

General Stats
  • This quiz has been taken 271 times
    190 since last reset
  • The average score is 31 of 38
Answer Stats
Hint Answer % Correct
Germany France
96%
Georgia Turkey
94%
Greece Turkey
94%
Germany Poland
92%
Georgia Russia
92%
Germany Austria
91%
Germany Denmark
91%
Germany Belgium
90%
Georgia Armenia
89%
Germany Czech Republic
89%
Germany Switzerland
89%
Germany Netherlands
88%
Greece North Macedonia
88%
Greece Albania
87%
Georgia Azerbaijan
87%
Germany Luxembourg
85%
Guatemala Honduras
84%
Guatemala Mexico
84%
Guatemala Belize
83%
Greece Bulgaria
83%
Guatemala El Salvador
83%
Gabon Rep. of the Congo
82%
Ghana Togo
82%
Guyana Brazil
80%
Ghana Cote d'Ivoire
78%
Guinea Cote d'Ivoire
78%
Gabon Equatorial Guinea
78%
Guinea Senegal
78%
Guinea Bissau Senegal
78%
Guyana Suriname
78%
Gabon Cameroon
77%
Guinea Bissau Guinea
77%
Guyana Venezuela
74%
Ghana Burkina Faso
73%
Guinea Liberia
71%
Guinea Mali
71%
Guinea Sierra Leone
70%
Guinea Guinea Bissau
64%
No matching quizzes found
Score Distribution
Percent of People with Each Score
Percentile by Number Answered
Your Score History
You have not taken this quiz since the last reset